LEADER 01043nam 2200301Ia 450 001 996388904903316 005 20221102113318.0 035 $a(CKB)1000000000644936 035 $a(EEBO)2240875568 035 $a(OCoLC)11612055 035 $a(EXLCZ)991000000000644936 100 $a19850123d1695 uy | 101 0 $aeng 135 $aurbn||||a|bb| 200 03$aAn Account of the sorts and numbers of ships and vessels now building for His Majesty$b[electronic resource] $eadded to His Royal Navy, cleaned and refitted yearly, rebuilt and repair'd, kept in sea-pay since this war. .. 210 $a[London? $cs.n.]$d1695 215 $a4 p 300 $aPlace of publication from Wing. 300 $aReproduction of original in Harvard University Libraries. 330 $aeebo-0062 801 0$bEAA 801 1$bEAA 801 2$bUMI 801 2$bWaOLN 906 $aBOOK 912 $a996388904903316 996 $aAn Account of the sorts and numbers of ships and vessels now building for His Majesty$92370773 997 $aUNISA LEADER 01287aam 2200397I 450 001 9910710282603321 005 20160121100808.0 024 8 $aGOVPUB-C13-f11e88b86558706cf5505aafb5d79010 035 $a(CKB)5470000002476458 035 $a(OCoLC)935499302 035 $a(EXLCZ)995470000002476458 100 $a20160121d1979 ua 0 101 0 $aeng 181 $2rdacontent 182 $2rdamedia 183 $2rdacarrier 200 10$aContainer board $ereport no. 120 /$fT. L. Cummings; J. Horlick 210 1$aGaithersburg, MD :$cU.S. Dept. of Commerce, National Institute of Standards and Technology,$d1979. 215 $a1 online resource 225 1 $aNBSIR ;$v79-1814 300 $a1979. 300 $aContributed record: Metadata reviewed, not verified. Some fields updated by batch processes. 300 $aTitle from PDF title page. 320 $aIncludes bibliographical references. 517 $aContainer board 700 $aCummings$b T. L$01386493 701 $aCummings$b T. L$01386493 701 $aHorlick$b J$01386491 712 02$aUnited States.$bNational Bureau of Standards. 801 0$bNBS 801 1$bNBS 801 2$bGPO 906 $aBOOK 912 $a9910710282603321 996 $aContainer board$93443812 997 $aUNINA